000
00264nam a2200121Ia 4500
100
_a
Blanc/ Iris/ Vento
942
_c
BK
654
_a
Lotus 1-2-3-
245
_a
Learning Lotus 1-2-3-
260
_b
Galgotia
_a
New Delhi
_c
1994
546
_a
ENGLISH
999
_c
31097
_d
31097